000 00313 a2200145 4500
001 153543
040 _cEscola São Tomás de Aquino
100 _aGANEM, Roberto
240 1 0 _aSenk Rá
_lpor
245 1 0 _aSenk Rá
362 0 _a2003
440 1 _aMelhoramentos
697 _a*LITERATURA JUVENIL
942 _cBK
999 _c153543
_d153543